000
00277 a2200121 4500
001
63598
082
_a
126 USM
090
_c
37593
_d
37593
100
_a
Usman Muhammad
245
_a
Israr-o-Ramoz Pay Aik Nazar
_h
Urdu
260
_a
Lahore
_b
Iqbal Academy
_c
1977
300
_a
189p
942
_a
NUST-CAE
_k
126 USM
999
_c
298671
_d
298671